|
|
|
|
| LEADER |
01400nab#a2200385#ar4500 |
| 001 |
000085921 |
| 003 |
SVKKK |
| 005 |
20101105100622.0 |
| 008 |
080218d1903 xo |||||||||||||||b|hun |
| FMT |
|
|
|
| 038 |
|
|
|a SVKKK
|
| 040 |
|
|
|a SVKKK
|b slo
|e AACR2
|
| 041 |
0 |
|
|a hun
|
| 044 |
|
|
|a xo
|c SK
|
| 080 |
|
|
|a 331.97
|2 1997
|
| 080 |
|
|
|a 929 Sulyovszky, Štefan
|2 1997
|
| 242 |
1 |
0 |
|a Nový kráľovský radca
|y slo
|
| 245 |
1 |
0 |
|a Uj királyi tanácsos
|
| 500 |
|
|
|a Popis z mikrofilmu
|
| 500 |
|
|
|a Dohľadanie
|
| 520 |
2 |
|
|a Správa o tom, že právnik Štefan (István) Sulyovszky, správca majetkov grófa Dionýza Andrášiho (Dénes Andrássy), ktorý predtým pôsobil v Michalovciach, bol kráľom vyznamenaný v marci roku 1903 titulom "kráľovský radca"
|
| 600 |
1 |
4 |
|a Sulyovszky, Štefan
|d 1850-1927
|x právnik, prokurátor, richtár
|z Michalovce, Krásnohorské Podhradie (Slovensko)
|x pôsobenie
|
| 650 |
0 |
4 |
|a vyznamenanie
|x kráľovský radca (titul)
|y 1903
|
| 655 |
|
4 |
|a hungariká
|
| 773 |
0 |
|
|t Felsőmagyarországi Hirlap : Politikai ujság
|g Roč. 6, č. 18 (04.03.1903) s. 3
|
| 957 |
|
|
|a Michalovce
|
| 957 |
|
|
|a Krasnohorské Podhradie
|
| 958 |
|
|
|a DG
|
| 958 |
|
|
|a HU
|
| 974 |
|
|
|a Ba
|
| 992 |
|
|
|a RBX
|
| 997 |
|
|
|d Krasznahorkaváralja p. Krasnohorské Podhradie
|
| 997 |
|
|
|a Sulyovszky, István p. Sulyovszky, Štefan
|d Nagymihály p. Michalovce
|
| BAS |
|
|
|
| 998 |
|
|
|a RETRO
|